| 000 | 00527 a2200157 4500 | ||
|---|---|---|---|
| 999 |
_c2515 _d2515 |
||
| 020 | _a9780538607674 | ||
| 050 | 0 | 0 | _aHF5548.2 WEA 1991 |
| 100 | 1 | _aWeatherwax, Jo Ann. | |
| 245 | 1 | 0 |
_aBusiness analysis with computer applications / _cJo Ann Weatherwax and Robert C. Weatherwax. |
| 264 |
_aCincinnati, Ohio : _b South-Western Pub. Co., _c1991 |
||
| 300 |
_axiii, 658 p. : _bill. (col.). |
||
| 500 | _aIncludes index. | ||
| 650 | 0 |
_aBusiness _xData processing. |
|
| 700 | 1 | _aWeatherwax, Robert C. | |
| 942 |
_2lcc _cBK _h5548.2 _iWEA _kHF |
||